|
|
|
|
| LEADER |
00592cam a2200193 7i4500 |
| 001 |
0000032295 |
| 005 |
20150430090000.0 |
| 020 |
0 |
0 |
|a 9780749471026
|
| 090 |
0 |
0 |
|a B 658.872
|b RYA
|
| 100 |
1 |
0 |
|a Ryan, Damian
|
| 245 |
1 |
0 |
|a Understanding digital marketing :
|b marketing strategies for engaging the digital generation.
|
| 250 |
0 |
0 |
|a 3rd ed..
|
| 260 |
0 |
0 |
|a London:
|b Kogan Page,
|c 2014.
|
| 300 |
# |
# |
|a 409 pages.
|
| 650 |
0 |
0 |
|a Strategic planning
|
| 650 |
0 |
0 |
|a Marketing --
|x Management
|
| 650 |
0 |
0 |
|a Internet marketing
|
| 650 |
0 |
0 |
|a Social media
|
| 999 |
|
|
|a B000036058
|b Book
|c Book
|e Business Information Centre
|